000 00685nam a2200181Ia 4500
008 100122s9999 xx 000 0 und d
082 _b42487
_a790.03
100 _aनाडकर्णी सुरेश
245 _aक्रीडा ज्ञानकोश (क. क्र.31/2)
250 _a0
260 _bशालिनी प्रकाशन
_c1989
300 _a786
520 _aक्रीडा ज्ञानकोश
620 _aक्रीडा ज्ञानकोश
630 _aक्रीडा ज्ञानकोश (क. क्र.31/2)
730 _aक्रीडा ज्ञानकोश (क. क्र.31/2)
942 _cBOOK
999 _c422894
_d422891